ՀՀ Գիտությունների ազգային ակադեմիայի հիմնարար գիտական գրադարան  =   Fundamental Scientific Library of NAS RA

Կրօն : (Record no. 528351)

MARC details
000 -LEADER
fixed length control field 00507nam a2200181 a 4500
003 - CONTROL NUMBER IDENTIFIER
control field AM-YEHGA
005 - DATE AND TIME OF LATEST TRANSACTION
control field 20251008112059.0
008 - FIXED-LENGTH DATA ELEMENTS--GENERAL INFORMATION
fixed length control field 230831s1966 le |||||||||||||||0|arm|d
040 ## - CATALOGING SOURCE
Original cataloging agency AM-YEHGA
041 0# - LANGUAGE CODE
Language code of text/sound track or separate title arm
001 - CONTROL NUMBER
control field 1917960
245 00 - TITLE STATEMENT
Title Կրօն :
Remainder of title Ե դասարան.
260 ## - PUBLICATION, DISTRIBUTION, ETC.
Place of publication, distribution, etc. Պէյրութ :
Name of publisher, distributor, etc. Հրատ. Սահակեան Լիսէի,
Date of publication, distribution, etc. 1966.
300 ## - PHYSICAL DESCRIPTION
Extent 27 էջ
500 ## - GENERAL NOTE
General note Հրատ. Սահակեան Լիսէի
650 ## - SUBJECT ADDED ENTRY--TOPICAL TERM
Topical term or geographic name entry element Կրոն
Form subdivision Դասագրքեր
9 (RLIN) 4853
942 ## - ADDED ENTRY ELEMENTS (KOHA)
Source of classification or shelving scheme Universal Decimal Classification
Koha item type Գրքեր / Books
Holdings
Withdrawn status Lost status Source of classification or shelving scheme Damaged status Not for loan Collection Home library Current library Date acquired Total checkouts Full call number Barcode Date last seen Price effective from Koha item type Public note
    Universal Decimal Classification     Kusikian Individual Collection Fundamental Scientific Library Fundamental Scientific Library 31/08/2023   Կուս/3897 FL0672768 31/08/2023 31/08/2023 Գրքեր / Books ILL Non-Circ.
    Universal Decimal Classification     Kusikian Individual Collection Fundamental Scientific Library Fundamental Scientific Library 31/08/2023   Կուս/3899 FL0672769 31/08/2023 31/08/2023 Գրքեր / Books ILL Non-Circ.
    Universal Decimal Classification     Kusikian Individual Collection Fundamental Scientific Library Fundamental Scientific Library 31/08/2023   Կուս/3898 FL0672770 31/08/2023 31/08/2023 Գրքեր / Books ILL Non-Circ.
    Universal Decimal Classification     General Fundamental Scientific Library Fundamental Scientific Library 08/11/2023   AII/110942 FL0680768 08/11/2023 08/11/2023 Գրքեր / Books 30 Days Loan
    Universal Decimal Classification     General Fundamental Scientific Library Fundamental Scientific Library 08/11/2023   AII/110943 FL0680769 08/11/2023 08/11/2023 Գրքեր / Books 30 Days Loan
    Universal Decimal Classification     General Fundamental Scientific Library Fundamental Scientific Library 08/11/2023   AII/110944 FL0680770 08/11/2023 08/11/2023 Գրքեր / Books 30 Days Loan
    Universal Decimal Classification     General Fundamental Scientific Library Fundamental Scientific Library 08/11/2023   AII/110945 FL0680771 08/11/2023 08/11/2023 Գրքեր / Books 30 Days Loan
    Universal Decimal Classification     General Fundamental Scientific Library Fundamental Scientific Library 08/11/2023   AII/110946 FL0680772 08/11/2023 08/11/2023 Գրքեր / Books 30 Days Loan
    Universal Decimal Classification     Zhamkochyan Individual collection Fundamental Scientific Library Fundamental Scientific Library 15/09/2025   Ժամ/1609 FL0694143 15/09/2025 08/10/2025 Գրքեր / Books ILL Non-Circ.
    Universal Decimal Classification     Zhamkochyan Individual collection Fundamental Scientific Library Fundamental Scientific Library 15/09/2025   Ժամ/1610 FL0694142 15/09/2025 08/10/2025 Գրքեր / Books ILL Non-Circ.


ՀՀ ԳԱԱ հիմնարար գիտական գրադարան
ՀՀ,Երևան 0019
Մարշալ Բաղրամյան 24/6
հեռախոս:(374-10) 52-47-50
Հետադարձ կապ

All site content, except where otherwise noted, is licensed under a
Creative Commons License